Football : champions de Ligue 2 - Statistiques

Statistiques générales
  • Ce quiz a été pris 61 fois
  • Le résultat moyen est 92 sur 114
Statistiques - réponses
Année Club % Correct
1963 | 1986 A | 1999 | 2004 ASSE
98%
1992 B Bordeaux
98%
1964 | 1971 Nord | 1974 A | +2 others LOSC
98%
1951 | 1954 | 1989 B OL
98%
1937 | 1949 | 1973 A | 2009 RC Lens
98%
1935 | 2007 | 2014 | 2019 FC Metz
96%
1973 B | 2015 | 2021 | 2026 Troyes
96%
1984 A | 1995 OM
94%
1971 Centre PSG
94%
1953 | 1982 A | 2003 | 2022 Toulouse
94%
2020 | 2025 Lorient
92%
1948 | 1965 | 1970 | +2 others OGC Nice
92%
1972 C | 1977 B | 1988 B | 2017 Strasbourg
92%
1980 B | 2024 Auxerre
88%
1946 Nord | 1958 | 1975 B | +4 others Nancy
88%
1956 | 1976 A | 1983 A | 1990 B Rennes
88%
1938 | 1959 | 1985 A | +3 others Le Havre
86%
1946 Sud | 1961 | 1981 A | 1987 B Montpellier
86%
1986 B RC Paris
86%
1971 Sud | 1977 A | 2013 AS Monaco
82%
1979 B | 1981 B Brest
82%
2018 Reims
82%
1966 Stade de Reims
82%
1969 | 1976 B | 1978 A | 1993 B Angers
80%
1960 | 1962 Grenoble
80%
1996 | 2010 SM Caen
80%
1967 | 2002 AC Ajaccio
76%
1968 | 2012 SC Bastia
74%
2011 Evian Thonon Gaillard
72%
1950 | 1991 A Nîmes
72%
1955 | 1972 A Sedan
68%
1947 | 1988 A | 2001 Sochaux
64%
1980 A | 1984 B Tours
64%
1934 Nord | 1939 | 1974 B Red Star
60%
1983 B Toulon
58%
1972 B | 1975 A | 1992 A | 2006 Valenciennes
58%
1936 | 1982 B FC Rouen
56%
1989 A FC Mulhouse
40%
1979 A Gueugnon
40%
1987 A Niort
36%
1952 Stade Français
34%
1997 Châteauroux
32%
1993 A Martigues
26%
1934 Sud | 1957 Olympique Alès
10%
Aucun quiz correspondant
Distribution des résultats
% des personnes avec chaque résultat
Percentile par nombre de réponses
Votre historique - résultats
Vous n’avez pas pris ce quiz